Europe Countries without map - Statistics

General Stats
  • This quiz has been taken 21 times
  • The average score is 45 of 50
Answer Stats
Country % Correct
Andorra
100%
Belgium
100%
Denmark
100%
Estonia
100%
Finland
100%
France
100%
Hungary
100%
Ireland
100%
Lithuania
100%
Luxembourg
100%
Norway
100%
Poland
100%
Portugal
100%
Russia
100%
Slovakia
100%
Slovenia
100%
Spain
100%
Sweden
100%
UK
100%
Ukraine
100%
Albania
94%
Austria
94%
Bulgaria
94%
Czech Republic
94%
Germany
94%
Greece
94%
Iceland
94%
Italy
94%
Latvia
94%
Malta
94%
Monaco
94%
Netherlands
94%
Romania
94%
San Marino
94%
Serbia
94%
Vatican
94%
Belarus
88%
Bosnia
88%
Croatia
88%
Kosovo
88%
North Macedonia
88%
Moldova
81%
Montenegro
81%
Switzerland
81%
Turkey
75%
Cyprus
63%
Georgia
56%
Armenia
50%
Azerbaijan
44%
Leichtenstein
6%
No matching quizzes found
Score Distribution
Percent of People with Each Score
Percentile by Number Answered
Your Score History
You have not taken this quiz